000 00753 a2200193 4500
999 _c5406
_d5406
020 _a9781934849453
050 0 0 _aQA 371 BAK 2014
100 1 _aBaker, Gregory R.
_eauthor
245 1 0 _aDifferential equations as models in science and engineering /
_cGregory Baker, The Ohio State University, USA.
264 1 _aNew Jersey :
_bWorld Scientific,
_c2014
300 _axxi, 270p ;
_bill.
500 _aTextbook
650 0 _aDifferential equations
650 0 _aDifferential equations
_xNumerical solutions
650 0 _aScience
_xMathematical models
650 0 _aEngineering
_xMathematical models
942 _2lcc
_cBK
_h371
_iBAK
_kQA